Civil liberties, (Record no. 85814)

MARC details
000 -LEADER
fixed length control field 00624nam a2200229 4500
001 - CONTROL NUMBER
control field sa 68014471
003 - CONTROL NUMBER IDENTIFIER
control field DLC
005 - DATE AND TIME OF LATEST TRANSACTION
control field 20260227112632.0
008 - FIXED-LENGTH DATA ELEMENTS--GENERAL INFORMATION
fixed length control field 700204s1968 ii b 00110 eng
010 ## - LIBRARY OF CONGRESS CONTROL NUMBER
LC control number sa 68014471
025 ## - OVERSEAS ACQUISITION NUMBER
Overseas acquisition number PL480:I-E-11008
050 0# - LIBRARY OF CONGRESS CALL NUMBER
Classification number JC599.I4
Item number M85
082 ## - DEWEY DECIMAL CLASSIFICATION NUMBER
Classification number 323.4/0954
100 10 - MAIN ENTRY--PERSONAL NAME
Personal name Mukharji, Prasanta Bihari,
Dates associated with a name 1910-
245 1# - TITLE STATEMENT
Title Civil liberties,
Statement of responsibility, etc. by P. B. Mukharji.
260 0# - PUBLICATION, DISTRIBUTION, ETC.
Place of publication, distribution, etc. Bombay,
Name of publisher, distributor, etc. N. M. Tripathi,
Date of publication, distribution, etc. 1968.
300 ## - PHYSICAL DESCRIPTION
Extent vi, 170 p.
Dimensions 24 cm.
350 ## - PRICE (NR) (BK AM CF MU VM SE) [OBSOLETE]
Price 15.00
490 0# - SERIES STATEMENT
Series statement Ramananda lectures, 1965
504 ## - BIBLIOGRAPHY, ETC. NOTE
Bibliography, etc. note Bibliography: p. 163-164.
650 #0 - SUBJECT ADDED ENTRY--TOPICAL TERM
Topical term or geographic name entry element Civil rights
Geographic subdivision India.

No items available.

Powered by Koha